000 01498nam0a2200373 4500
001 RU\NLR\BIBL_A\022355163
005 20260420015949.0
010 _a978-5-389-25010-9
_93000
021 _aRU
_bКН-П-24-051701
_9КН-П-24-5142
035 _a(NLR Aleph) 022355163
090 _a13667621
_c13667621
100 _a20241017d2024 u y0rusy50 ca
101 0 _arus
102 _aRU
105 _aa z 000ay
181 0 _ai3
_baxxe
181 0 _ab1
_bxb2e
182 0 _an
200 1 _aМир в капле росы
_iВесна. Лето
_eхайку на все времена
_fсоставление, перевод с японского, статья и примечания Александра Долина
_gиллюстрации: Усов О. Б., Усов С. О.
203 _aТекст
_aИзображение
_bвизуальные
_cнепосредственные
210 _aСанкт-Петербург
_cАзбука-Аттикус, Азбука
_d2024
215 _a509, [2] с.
_cцв. ил.
_d22
333 _a16+
686 1 _aШ5(5Я)-335(тексты)
686 1 _aШ6(5Я)07-5я43{Лх2310-175}
686 2 _aШ6(2=Р)8-57Долин
702 1 _aДолин
_bА.
_f1949-
_gАлександр Аркадьевич
_4220
_4730
702 1 _aУсов
_bО. Б.
_gОлег Б.
_4440
702 1 _aУсов
_bС. О.
_4440
942 _cBOOK
980 _aNB